01966nam a22002177a 450000500170000000800410001704000290005804100080008708200180009510000400011324501330015325000220028626000510030830001650035950003650052450507870088950600210167665000230169765000190172065100090173920150619083640.0150609s1928 cu a|||fr|||| 001 0 spa d cSandra YazodSandra Yazo0 aspa 220a306.972911 aCarbonell, José Manueld1880-196810aEvolución de la cultura cubanacRecopilación dirigida, prologada y anotada por José Manuel Carbonell y Riverob(1608-1927) aEdición oficial aLa Habana (Cuba)bImprenta "El siglo XX"c1928 a18 volúmenes (328 ; 355 ; 439 ; 510 ; 624 ; 430 ; 381 ; 459 ; 398 ; 468 ; 433 ; 475 ; 454 ; 547 ; 380 ; 429 ; 394 ; 451 páginas)c26 x 18 cm.bilustraciones aDetalles físicos: Encuadernación rígida en cartón forrada en cuero. Tapas con cuadros repujados. Lomo con repujados y adornos en dorado. Guardas. Anteportada. Portada impresa en dos tintas y algunas en una sola tinta. Texto en una sola columna. Notas al pie de página. Ejemplares en buen estado de conservación. Algunas ilustraciones entre el texto1 aV.1: Poesía lírica: Primer periodo 1790-1820 ; Apéndice -- V.2: Segundo periodo 1820-1842 -- V.3: Tercer periodo 1842-1868 -- V.4: Cuarto periodo 1868-1898 -- V.5: Quinto periodo 1898-1927 -- V.6: Poesía revolucionaria -- V.7: La oratoria: primer periodo 1790-1866 -- V.8, V.9, V.10, V.11: Segundo periodo 1866-1927 -- V. 12: Prosa: Ensayos, artículos de costumbres , páginas de periodistas -- V.13: Prosa: novelas, cuentos y leyendas -- V.14: Prosa: Historia, epístolas, anécdotas -- V.15: Prosa: Temas jurídicos, de economía política, militares y navales, de educación y científicos -- V.16: Prosa: Aforismos, crítica, humanismo, paginas libres -- V.17: Ciencia -- V.18: Bellas artes: Literatura, música, pintura, caricatura, escultura, arquitectura aConsulta en sala 7aLiteratura cubana  7aCultura zCuba aCuba